000 00942nam a22002532 4500
001 0000004317
005 20151217145803.0
008 070522s xx 000 0 eng d
020 _a0521791685 :
_cGBP 55.00
040 _aKABU
_cKABU
050 0 _aQA276.4
_b.M66
100 1 _aMonahan, John F.
_@0000154810
245 1 0 _aNumerical methods of statistics /
_cJohn F. Monahan.
260 _aCambridge ;
_aNew York :
_bCambridge University Press,
_c2001.
300 _axiv, 428 p. :
_bill. ;
_c26 cm. +
_e1 computer disk (31/2 in.)
440 0 _aCambridge series in statistical and probabilistic mathematics
_@0000154811
504 _aIncludes bibliographical references.
650 0 _aMathematical statistics
_xData processing.
_@0000154805
650 0 _aNumerical analysis.
_@0000154812
908 _a070522
950 _@1
999 _c2605
_d2605